000 00210nam a22000857a 4500
999 _c7019
_d7019
008 170622b xxu||||| |||| 00| 0 eng d
020 _a8173015317
100 _93628
_aRao. G
245 _aInformation Practices - XI
260 _aNew delhi
_c2010